[Event "17th CRO-chT 1a"]
[Site "Sibenik CRO"]
[Date "2008.09.30"]
[Round "4"]
[White "Pavasovic, D."]
[Black "Ruck, R1."]
[Result "1/2-1/2"]
[WhiteElo "2597"]
[BlackElo "2574"]
[PlyCount "35"]
[EventDate "2008.09.27"]
[SourceDate "1999.07.01"]

1. e4 c6 2. d4 d5 3. exd5 cxd5 4. c4 Nf6 5. Nc3 Nc6 6. Bg5 e6 7. c5 Be7 8. Nf3
O-O 9. Rc1 Ne4 10. Bxe7 Qxe7 11. Bb5 Nxc3 12. Rxc3 e5 13. dxe5 Nxe5 14. Nxe5
Qxe5+ 15. Qe2 Qg5 16. O-O d4 17. Rcc1 Be6 18. Bc4 1/2-1/2

[Event "17th CRO-chT 1a"]
[Site "Sibenik CRO"]
[Date "2008.09.02"]
[Round "6"]
[White "Hracek, Z."]
[Black "Ruck, R1."]
[Result "1-0"]
[WhiteElo "2625"]
[BlackElo "2574"]
[PlyCount "135"]
[EventDate "2008.09.27"]
[SourceDate "1999.07.01"]

1. e4 c6 2. d4 d5 3. e5 Bf5 4. Nf3 e6 5. Be2 c5 6. O-O Nc6 7. c3 cxd4 8. cxd4
Nge7 9. Nc3 Bg4 10. Nh4 Bxe2 11. Nxe2 Ng6 12. Nf3 Nh4 13. Nxh4 Qxh4 14. Be3 Qd8
15. Nf4 g6 16. g3 Be7 17. h4 Qd7 18. Rc1 O-O-O 19. a3 Kb8 20. b4 Rc8 21. Nd3
Rhe8 22. Qf3 Bf8 23. h5 Rc7 24. Kg2 Rec8 25. Rh1 b6 26. hxg6 hxg6 27. Rh8 Bg7
28. Rh7 Bf8 29. b5 Na5 30. Rxc7 Rxc7 31. a4 Nc4 32. Nf4 Qe8 33. Rh8 Rc8 34. Nd3
Qd7 35. Rh7 Rc7 36. Bg5 Kb7 37. Qf6 a6 38. Nf4 axb5 39. Nxg6 Bb4 40. axb5 Qe8
41. Nh8 Na3 42. Nxf7 Nxb5 43. Nd8+ Ka6 44. Rh8 Qd7 45. Qxe6 Nxd4 46. Qxd7 Rxd7
47. e6 Rc7 48. g4 Rg7 49. Bf6 Rxg4+ 50. Kh3 Re4 51. Bxd4 Rxd4 52. Nc6 Rd3+ 53.
Kg4 Bc5 54. e7 Bxe7 55. Nxe7 b5 56. Rb8 d4 57. Nd5 Rd2 58. Kf3 Rb2 59. Nf4 Rd2
60. Ra8+ Kb6 61. Ra3 Kc5 62. Rd3 Ra2 63. Ne6+ Kd5 64. Nxd4 Kc4 65. Rd1 b4 66.
Ke3 b3 67. Rc1+ Kb4 68. Nxb3 1-0

[Event "17th CRO-chT 1a"]
[Site "Sibenik CRO"]
[Date "2008.09.04"]
[Round "8"]
[White "Hracek, Z."]
[Black "Postny, E."]
[Result "1/2-1/2"]
[WhiteElo "2625"]
[BlackElo "2661"]
[PlyCount "51"]
[EventDate "2008.09.27"]
[SourceDate "1999.07.01"]

1. e4 c6 2. d4 d5 3. e5 Bf5 4. Nf3 e6 5. Be2 c5 6. Be3 cxd4 7. Nxd4 Ne7 8. Nd2
Nbc6 9. N2f3 Be4 10. O-O Ng6 11. Nxc6 bxc6 12. Nd4 Nxe5 13. f3 Bg6 14. f4 Nd7
15. Nxc6 Qc7 16. Nd4 Bc5 17. c3 O-O 18. Kh1 Be4 19. b4 Be7 20. Rc1 Nb6 21. Nb3
Nc4 22. Bd4 Bd6 23. Nc5 Bg6 24. Bxc4 dxc4 25. Qf3 Bxc5 26. Bxc5 1/2-1/2

[Event "17th CRO-chT 1b"]
[Site "Sibenik CRO"]
[Date "2008.09.01"]
[Round "5"]
[White "Sax, G."]
[Black "Dizdarevic, E."]
[Result "1/2-1/2"]
[WhiteElo "2506"]
[BlackElo "2501"]
[PlyCount "28"]
[EventDate "2008.09.27"]
[SourceDate "1999.07.01"]

1. e4 c6 2. d4 d5 3. e5 c5 4. dxc5 Nc6 5. Bb5 e6 6. Be3 Nge7 7. c3 Nf5 8. Bd4
Be7 9. Nf3 O-O 10. O-O Bd7 11. Bd3 Nfxd4 12. cxd4 b6 13. a3 bxc5 14. dxc5 a5
1/2-1/2

[Event "4th ch-EU"]
[Site "Liverpool ENG"]
[Date "2008.09.18"]
[Round "10"]
[White "Howell, D."]
[Black "L'Ami, E."]
[Result "1/2-1/2"]
[WhiteElo "2561"]
[BlackElo "2610"]
[PlyCount "109"]
[EventDate "2008.09.09"]
[SourceDate "1999.07.01"]

1. e4 c6 2. d4 d5 3. exd5 cxd5 4. c4 Nf6 5. Nc3 e6 6. Nf3 Bb4 7. cxd5 Nxd5 8.
Qc2 Nc6 9. Bd3 Ba5 10. a3 Nxc3 11. bxc3 Nxd4 12. Nxd4 Qxd4 13. Bb5+ Kf8 14. O-O
Qxc3 15. Qa2 a6 16. Bb2 Qc5 17. Be2 Bd7 18. Rac1 Qg5 19. Bf3 Bc6 20. Bxc6 bxc6
21. Rxc6 h5 22. Qc4 Qd5 23. Qc1 Rd8 24. Rc5 Qd2 25. Qa1 Bb6 26. Bxg7+ Ke8 27.
Bc3 Qd6 28. Ba5 Rh6 29. Bxb6 Qxb6 30. Qc1 Rh8 31. Qc3 Rh6 32. Qc1 Rh8 33. Qc3
Rh6 34. h4 Qd6 35. Rg5 Qd4 36. Rg8+ Ke7 37. Qc7+ Rd7 38. Qc8 Rg6 39. Rxg6 fxg6
40. g3 a5 41. Re1 Kf7 42. Re3 Qd5 43. Rf3+ Kg7 44. Qc3+ Kh7 45. Rf8 e5 46. Rf3
Rb7 47. Kh2 Rf7 48. Rxf7+ Qxf7 49. Kg2 Qd5+ 50. Qf3 e4 51. Qe3 a4 52. Qa7+ Kh6
53. Qe3+ Kh7 54. Qa7+ Kh6 55. Qe3+ 1/2-1/2

[Event "I Liga Seniorow"]
[Site "Ustron POL"]
[Date "2008.09.11"]
[Round "6"]
[White "Kryvoruchko, Y."]
[Black "Maksimenko, A."]
[Result "1/2-1/2"]
[WhiteElo "2628"]
[BlackElo "2537"]
[PlyCount "43"]
[EventDate "2008.09.06"]
[SourceDate "1999.07.01"]

1. e4 c6 2. d4 d5 3. e5 Bf5 4. Nd2 e6 5. Nb3 Nd7 6. Nf3 Ne7 7. Be2 Nc8 8. O-O
Be7 9. Ne1 O-O 10. g4 Bg6 11. f4 f5 12. Ng2 fxg4 13. Bxg4 Bf5 14. Ne3 g6 15.
Bd2 Ncb6 16. Qe2 c5 17. Kh1 Kh8 18. Ba5 Qc8 19. Bxb6 Nxb6 20. Bxf5 exf5 21. c3
Nc4 22. Rg1 1/2-1/2

[Event "DMP Ekstraliga"]
[Site "Karpacz POL"]
[Date "2008.09.06"]
[Round "1"]
[White "Jakubiec, A."]
[Black "Miton, K."]
[Result "1/2-1/2"]
[WhiteElo "2532"]
[BlackElo "2580"]
[PlyCount "51"]
[EventDate "2008.09.06"]
[SourceDate "1999.07.01"]

1. e4 c6 2. d4 d5 3. Nc3 dxe4 4. Nxe4 Nd7 5. Nf3 Ngf6 6. Nxf6+ Nxf6 7. Ne5 Be6
8. c3 g6 9. Bd3 Bg7 10. O-O O-O 11. Re1 Qc7 12. Qe2 Rad8 13. Bf4 Qc8 14. Bc4
Bxc4 15. Qxc4 Nd7 16. Nxd7 Rxd7 17. Be5 e6 18. Bxg7 Kxg7 19. Re5 Rfd8 20. Rae1
Rd5 21. h4 h5 22. g3 Qc7 23. R1e3 c5 24. Rxd5 Rxd5 25. dxc5 Qxc5 26. Qxc5
1/2-1/2

[Event "DMP Ekstraliga"]
[Site "Karpacz POL"]
[Date "2008.09.13"]
[Round "8"]
[White "Fedorchuk, S."]
[Black "Wojtaszek, R."]
[Result "1/2-1/2"]
[WhiteElo "2624"]
[BlackElo "2593"]
[PlyCount "23"]
[EventDate "2008.09.06"]
[SourceDate "1999.07.01"]

1. e4 c6 2. d4 d5 3. Nd2 dxe4 4. Nxe4 Nd7 5. Nf3 Ngf6 6. Nxf6+ Nxf6 7. Bc4 Bf5
8. O-O e6 9. c3 Be7 10. h3 O-O 11. a4 Nd5 12. Re1 1/2-1/2

[Event "58th ch-HUN KO"]
[Site "Nyiregyhaza HUN"]
[Date "2008.09.18"]
[Round "3.1"]
[White "Almasi, Z."]
[Black "Ruck, R1."]
[Result "1-0"]
[WhiteElo "2668"]
[BlackElo "2574"]
[PlyCount "119"]
[EventDate "2008.09.12"]
[SourceDate "1999.07.01"]

1. e4 c6 2. d4 d5 3. e5 Bf5 4. Nf3 e6 5. Be2 Ne7 6. O-O Nd7 7. Nbd2 h6 8. Nb3
Bh7 9. Ne1 Qc7 10. Bd3 Bxd3 11. Nxd3 h5 12. Bg5 Nf5 13. a4 c5 14. dxc5 Nxc5 15.
Nbxc5 Bxc5 16. Nxc5 Qxc5 17. Ra3 Qd4 18. Qe2 Qxb2 19. Rb3 Nd4 20. Qd2 Nxb3 21.
Qb4 f6 22. Qxb7 O-O 23. exf6 gxf6 24. Bh6 f5 25. Bxf8 Rxf8 26. cxb3 Qg7 27. Qc6
Qe7 28. Re1 Kf7 29. b4 Re8 30. Qc3 Rd8 31. b5 d4 32. Qf3 Kg6 33. Qd3 Kf7 34. a5
Rd6 35. h3 Qc7 36. Qf3 Qxa5 37. Qxh5+ Kg7 38. Qg5+ Kf7 39. Rc1 Qd8 40. Qh6 Rd7
41. Rc6 Re7 42. g4 fxg4 43. Qh5+ Kf6 44. hxg4 d3 45. Qf5+ Kg7 46. Qe5+ Kg8 47.
Rd6 Qc7 48. Qg5+ Rg7 49. Rd8+ Kf7 50. Qh5+ Ke7 51. Qh4+ Kf7 52. Rxd3 Qc1+ 53.
Kh2 Qg5 54. Qg3 Qxg4 55. Rf3+ Ke8 56. Qb8+ Ke7 57. Qf8+ Kd7 58. Rd3+ Kc7 59.
Qd6+ Kc8 60. Qc6+ 1-0

[Event "61st ch-RUS HL"]
[Site "Novokuznetsk RUS"]
[Date "2008.09.13"]
[Round "10"]
[White "Chadaev, N."]
[Black "Kornev, Alexei"]
[Result "1/2-1/2"]
[WhiteElo "2535"]
[BlackElo "2523"]
[PlyCount "120"]
[EventDate "2008.09.03"]
[SourceDate "1999.07.01"]

1. e4 c6 2. d4 d5 3. f3 e6 4. Nc3 Nf6 5. e5 Nfd7 6. f4 c5 7. Nf3 Nc6 8. Be3
cxd4 9. Nxd4 Bc5 10. Qd2 O-O 11. O-O-O a6 12. h4 Nxd4 13. Bxd4 b5 14. Rh3 b4
15. Na4 Bxd4 16. Qxd4 a5 17. Bb5 Rb8 18. Bd3 Qc7 19. h5 Qc6 20. b3 Ba6 21. Bxa6
Qxa6 22. f5 Rfc8 23. fxe6 fxe6 24. Kb2 Rc6 25. Rd2 Qc8 26. Re3 Qc7 27. Ree2 Rc8
28. g4 Rc3 29. a3 bxa3+ 30. Kxa3 Rf3 31. Rd3 Rxd3 32. Qxd3 Nxe5 33. Qa6 Re8 34.
Kb2 h6 35. Nc3 Qb8 36. Nb5 Nxg4 37. Rxe6 Nf6 38. Nd4 Rxe6 39. Qxe6+ Kh8 40. Nf5
Qg8 41. Qb6 Qf7 42. Qxa5 Qxh5 43. Nd4 Qe5 44. c3 h5 45. b4 h4 46. Qd8+ Kh7 47.
Qc8 Qh5 48. b5 h3 49. b6 h2 50. b7 h1=Q 51. b8=Q Q5h2+ 52. Qxh2+ Qxh2+ 53. Kb3
Qe5 54. Qe6 Qe4 55. Qxe4+ dxe4 56. c4 Nd7 57. Kb4 g5 58. c5 e3 59. c6 Nb8 60.
Kc3 Nxc6 1/2-1/2

[Event "TCh-SRB 1st League"]
[Site "Subotica SRB"]
[Date "2008.09.10"]
[Round "9"]
[White "Svetushkin, D."]
[Black "Khenkin, I."]
[Result "1/2-1/2"]
[WhiteElo "2587"]
[BlackElo "2655"]
[PlyCount "45"]
[EventDate "2008.09.01"]
[SourceDate "1999.07.01"]

1. e4 c6 2. d4 d5 3. Nc3 dxe4 4. Nxe4 Bf5 5. Ng3 Bg6 6. h4 h6 7. Nf3 Nd7 8. h5
Bh7 9. Bd3 Bxd3 10. Qxd3 e6 11. Bf4 Qa5+ 12. Bd2 Bb4 13. c3 Be7 14. c4 Qc7 15.
d5 cxd5 16. cxd5 Qd6 17. Qb5 Ngf6 18. dxe6 Qxe6+ 19. Kf1 O-O 20. Re1 Qd5 21.
Qxd5 Nxd5 22. Nf5 Bf6 23. N3d4 1/2-1/2

[Event "I EDAMI-Cosmocaixa"]
[Site "Barcelona ESP"]
[Date "2008.09.12"]
[Round "7"]
[White "Alsina Leal, D."]
[Black "Fluvia Poyatos, Jor"]
[Result "1-0"]
[WhiteElo "2517"]
[BlackElo "2500"]
[PlyCount "57"]
[EventDate "2008.09.08"]
[SourceDate "1999.07.01"]

1. e4 c6 2. d4 d5 3. Nc3 dxe4 4. Nxe4 Nd7 5. Ng5 Ngf6 6. Bc4 e6 7. Qe2 Nb6 8.
Bd3 h6 9. N5f3 c5 10. Be3 Nbd5 11. Ne5 a6 12. Ngf3 cxd4 13. Bxd4 Nf4 14. Qd2
Nxd3+ 15. Qxd3 Qa5+ 16. c3 b5 17. Ng6 fxg6 18. Qxg6+ Ke7 19. Ne5 Qc7 20. Nf7
Rg8 21. Be5 Qc6 22. O-O-O Nd5 23. Rxd5 Qxd5 24. Rd1 Bb7 25. Rxd5 Bxd5 26. Nxh6
Rh8 27. Qf7+ Kd8 28. Qc7+ Ke8 29. Nf7 1-0

[Event "II ROMGAZ Open"]
[Site "Bucharest ROU"]
[Date "2008.09.14"]
[Round "4"]
[White "Bachmann, Ax"]
[Black "Nisipeanu, LD."]
[Result "1/2-1/2"]
[WhiteElo "2511"]
[BlackElo "2692"]
[PlyCount "61"]
[EventDate "2008.09.11"]
[SourceDate "1999.07.01"]

1. e4 c6 2. d4 d5 3. e5 Bf5 4. Nf3 e6 5. Be2 Nd7 6. O-O Ne7 7. Nh4 c5 8. c3 Be4
9. Nd2 Nc6 10. Nxe4 dxe4 11. g3 Qb6 12. Be3 Rd8 13. Qa4 Qxb2 14. Bb5 Qxc3 15.
Rfc1 Qb4 16. Bxc6 bxc6 17. Qxc6 cxd4 18. Rab1 Qa3 19. Bxd4 Be7 20. Rb7 Bxh4 21.
gxh4 Qf3 22. Rxd7 Rxd7 23. Rb1 Qg4+ 24. Kf1 Qh3+ 25. Ke1 O-O 26. Qxd7 Qxh2 27.
Rc1 h5 28. Rc8 Rxc8 29. Qxc8+ Kh7 30. Qb7 Qh1+ 31. Ke2 1/2-1/2

[Event "61st ch-RUS HL"]
[Site "Novokuznetsk RUS"]
[Date "2008.09.03"]
[Round "1"]
[White "Lintchevski, D."]
[Black "Galkin, A."]
[Result "1-0"]
[WhiteElo "2506"]
[BlackElo "2615"]
[PlyCount "73"]
[EventDate "2008.09.03"]
[SourceDate "1999.07.01"]

1. e4 c6 2. d4 d5 3. Nc3 dxe4 4. Nxe4 Bf5 5. Ng3 Bg6 6. h4 h6 7. Nf3 Nd7 8. h5
Bh7 9. Bd3 Bxd3 10. Qxd3 e6 11. Bd2 Ngf6 12. O-O-O Qc7 13. Ne4 O-O-O 14. g3
Nxe4 15. Qxe4 Nf6 16. Qe2 Rd5 17. c4 Rxh5 18. Bf4 Qe7 19. Rhe1 g5 20. g4 Rh3
21. Bg3 h5 22. d5 hxg4 23. d6 Qe8 24. Qe3 Rxg3 25. fxg3 gxf3 26. Qxa7 Bxd6 27.
Rxd6 g4 28. Red1 Ne4 29. Qa8+ Kc7 30. Rd7+ Qxd7 31. Qxh8 f2 32. Qe5+ Kb6 33.
Qf4 e5 34. Qe3+ Nc5 35. Qxf2 Qe6 36. b3 f5 37. a4 1-0

[Event "61st ch-RUS HL"]
[Site "Novokuznetsk RUS"]
[Date "2008.09.04"]
[Round "2"]
[White "Inarkiev, E."]
[Black "Ovetchkin, R."]
[Result "1/2-1/2"]
[WhiteElo "2675"]
[BlackElo "2558"]
[PlyCount "86"]
[EventDate "2008.09.03"]
[SourceDate "1999.07.01"]

1. e4 c6 2. d4 d5 3. e5 Bf5 4. Nf3 e6 5. Be2 Nd7 6. O-O Ne7 7. Nh4 Be4 8. Nd2
c5 9. Nxe4 dxe4 10. g3 Qb6 11. c3 Nc6 12. Be3 Rd8 13. Qa4 Be7 14. Rab1 cxd4 15.
cxd4 Qb4 16. Qxb4 Nxb4 17. Ng2 O-O 18. Rfc1 Nd5 19. Nf4 N7b6 20. Bf1 Rd7 21.
Nxd5 Nxd5 22. Bg2 f5 23. exf6 Nxf6 24. Rc4 Bd8 25. Bh3 Kf7 26. d5 exd5 27. Bxd7
dxc4 28. Bb5 Bb6 29. Bxc4+ Ke7 30. Bxb6 axb6 31. Re1 Rd8 32. f4 Rd4 33. b3 Kd6
34. Re2 Kc5 35. Be6 b5 36. Rc2+ Kd6 37. Bc8 b6 38. Kf2 Rd3 39. Bb7 b4 40. Rc6+
Kd7 41. Rc2 Kd6 42. Re2 Rd4 43. Rc2 Rd3 1/2-1/2

[Event "61st ch-RUS HL"]
[Site "Novokuznetsk RUS"]
[Date "2008.09.04"]
[Round "2"]
[White "Chadaev, N."]
[Black "Korotylev, A."]
[Result "1/2-1/2"]
[WhiteElo "2535"]
[BlackElo "2609"]
[PlyCount "77"]
[EventDate "2008.09.03"]
[SourceDate "1999.07.01"]

1. e4 c6 2. d4 d5 3. f3 e6 4. Nc3 Bb4 5. Bf4 Ne7 6. Nge2 O-O 7. a3 Ba5 8. Qd3
b5 9. h4 Bb6 10. h5 a5 11. exd5 exd5 12. g4 Re8 13. Qd2 Na6 14. Kf2 Nc7 15. Bh3
Ne6 16. Be3 Bd7 17. Rad1 Nc8 18. Ng3 Nd6 19. Bf1 Qb8 20. Nf5 Bc7 21. Bd3 b4 22.
Ne2 Nc4 23. Bxc4 dxc4 24. h6 g6 25. Ng7 Re7 26. axb4 axb4 27. Nxe6 Bxe6 28. Ra1
Rxa1 29. Rxa1 Re8 30. Bf4 Bd5 31. Re1 f6 32. Bxc7 Qxc7 33. Nf4 Rxe1 34. Qxe1
Kf7 35. Nxd5 Qh2+ 36. Kf1 Qh1+ 37. Kf2 Qh2+ 38. Kf1 Qh1+ 39. Kf2 1/2-1/2

[Event "61st ch-RUS HL"]
[Site "Novokuznetsk RUS"]
[Date "2008.09.05"]
[Round "3"]
[White "Kobalia, M."]
[Black "Deviatkin, A."]
[Result "1/2-1/2"]
[WhiteElo "2618"]
[BlackElo "2567"]
[PlyCount "153"]
[EventDate "2008.09.03"]
[SourceDate "1999.07.01"]

1. e4 c6 2. d4 d5 3. exd5 cxd5 4. c4 Nf6 5. Nc3 e6 6. Nf3 Bb4 7. cxd5 Nxd5 8.
Qc2 Nc6 9. Bd3 h6 10. O-O Nce7 11. Bb5+ Bd7 12. Bxd7+ Qxd7 13. Ne5 Qc7 14. Qa4+
Kf8 15. Bd2 Nxc3 16. bxc3 Bd6 17. Rfe1 Kg8 18. c4 b6 19. Rac1 Bxe5 20. Rxe5 Ng6
21. Re4 Kh7 22. d5 Rhd8 23. h4 exd5 24. cxd5 Qd7 25. h5 Nf8 26. Qxd7 Rxd7 27.
Re5 f6 28. Rf5 Rad8 29. Bb4 a5 30. Ba3 b5 31. Bxf8 Rxf8 32. d6 Rb8 33. Rc6 a4
34. Ra6 Kg8 35. Rc5 Kf7 36. f4 Rdb7 37. Kf2 Ke6 38. Rcc6 Kd5 39. Rc2 Ke4 40.
Kg3 Rb6 41. Rxb6 Rxb6 42. Rd2 Rb8 43. d7 Rd8 44. a3 f5 45. Rd1 Ke3 46. Rd5 Ke4
47. Rxb5 Rxd7 48. Re5+ Kd3 49. Ra5 Ke2 50. Rxa4 Kf1 51. Ra5 Rd3+ 52. Kh2 Kf2
53. Rxf5 Rg3 54. Rb5 Rxg2+ 55. Kh3 Rg3+ 56. Kh4 Rxa3 57. Kg4 Ra4 58. Rb7 Ke3
59. Re7+ Re4 60. Re5 Kd4 61. Kf5 Re3 62. Ra5 Rg3 63. Re5 Re3 64. Ra5 Rg3 65.
Ra4+ Ke3 66. Ra6 Kf3 67. Rg6 Rh3 68. Rxg7 Rxh5+ 69. Kg6 Kg4 70. Rf7 Ra5 71. f5
h5 72. f6 h4 73. Rg7 h3 74. f7 Rf5 75. Rh7 Rxf7 76. Rxh3 Kxh3 77. Kxf7 1/2-1/2

[Event "61st ch-RUS HL"]
[Site "Novokuznetsk RUS"]
[Date "2008.09.07"]
[Round "5"]
[White "Sjugirov, S."]
[Black "Galkin, A."]
[Result "0-1"]
[WhiteElo "2545"]
[BlackElo "2615"]
[PlyCount "150"]
[EventDate "2008.09.03"]
[SourceDate "1999.07.01"]

1. e4 c6 2. d4 d5 3. e5 Bf5 4. Nf3 e6 5. Be2 Be7 6. O-O Nh6 7. c3 O-O 8. Bxh6
gxh6 9. Qd2 Kg7 10. Qe3 Qb6 11. Nbd2 Nd7 12. Bd3 Bg6 13. b4 a5 14. a3 axb4 15.
axb4 Qc7 16. h4 b6 17. g4 c5 18. bxc5 bxc5 19. h5 Bxd3 20. Qxd3 Ra7 21. Qe3
Rfa8 22. Rxa7 Rxa7 23. g5 hxg5 24. Nxg5 h6 25. Ngf3 cxd4 26. cxd4 Qc2 27. Qf4
Nf8 28. Kh2 Nh7 29. Ne1 Qd1 30. Nef3 Qe2 31. Rg1+ Bg5 32. Qe3 Qxe3 33. fxe3 Ra3
34. Nf1 Kf8 35. Nxg5 Nxg5 36. Rg2 Nf3+ 37. Kh1 Nh4 38. Re2 Ra1 39. Kg1 f6 40.
exf6 Kf7 41. Kf2 Nf5 42. Nh2 Kxf6 43. Nf3 Nd6 44. Ne5 Kg5 45. Nd3 Kg4 46. Nf4
Ne4+ 47. Kg2 Ng5 48. Rb2 Ra3 49. Kf2 Ne4+ 50. Ke2 Ng3+ 51. Kf2 Nf5 52. Re2 Ra6
53. Nd3 Kxh5 54. Nc5 Rb6 55. Kf3 Nh4+ 56. Kf4 Ng6+ 57. Kf3 e5 58. dxe5 Nxe5+
59. Kf4 Ng4 60. e4 Rf6+ 61. Kg3 Rc6 62. Nd7 d4 63. e5 Kg5 64. Rd2 Rc3+ 65. Kg2
Ne3+ 66. Kf2 Nf5 67. e6 Kf4 68. e7 Rf3+ 69. Kg2 Re3 70. Rxd4+ Nxd4 71. Nf6 Re2+
72. Kf1 Kg5 73. e8=Q Rxe8 74. Nxe8 Nb5 75. Ng7 Nc7 0-1

[Event "TCh-ESP Hon Gp1"]
[Site "Cala Mayor ESP"]
[Date "2008.09.04"]
[Round "2"]
[White "Spraggett, K."]
[Black "Malakhatko, V."]
[Result "0-1"]
[WhiteElo "2601"]
[BlackElo "2612"]
[PlyCount "136"]
[EventDate "2008.09.03"]
[SourceDate "1999.07.01"]

1. e4 c6 2. d4 d5 3. Nc3 dxe4 4. Nxe4 Bf5 5. Ng3 Bg6 6. h4 h6 7. Nf3 Nd7 8. h5
Bh7 9. Bd3 Bxd3 10. Qxd3 e6 11. Bd2 Ngf6 12. O-O-O Be7 13. Qe2 O-O 14. Nf1 c5
15. g4 cxd4 16. g5 hxg5 17. Bxg5 Nd5 18. Bxe7 Qxe7 19. Rxd4 Qf6 20. Ne3 Qh6 21.
Kb1 N7f6 22. Nxd5 exd5 23. Ne5 Rae8 24. f4 Nd7 25. Qh2 Nxe5 26. fxe5 Qe6 27.
Rhd1 Qxe5 28. Qh1 Re6 29. Rxd5 Qe4 30. Qg1 Rc8 31. R5d2 a5 32. a3 Kh8 33. Rg2
Rec6 34. Rd4 Qf5 35. Rf2 Qe5 36. Qd1 Rf6 37. Rxf6 Qxf6 38. Rd5 a4 39. Rd6 Qf5
40. Rd5 Qf2 41. c3 Rc5 42. Rd8+ Kh7 43. Qxa4 Rxh5 44. Ka2 Qe2 45. Re8 b5 46.
Qa8 Qc4+ 47. Ka1 Qd5 48. Rh8+ Kg6 49. Qa6+ Kg5 50. Rxh5+ Kxh5 51. Qc8 g5 52.
Qh8+ Kg4 53. Qh2 f5 54. Qe2+ Kg3 55. Qe1+ Kh3 56. Qf1+ Kh4 57. Qe1+ Kh5 58.
Qe8+ Kg4 59. Qe2+ Qf3 60. Qxb5 f4 61. a4 Qd1+ 62. Ka2 f3 63. Qc4+ Kh3 64. Qe4
g4 65. Qh7+ Kg3 66. Qc7+ Kg2 67. Qc6 Kg1 68. a5 f2 0-1

[Event "TCh-ESP Hon Gp1"]
[Site "Cala Mayor ESP"]
[Date "2008.09.04"]
[Round "2"]
[White "Rublevsky, S."]
[Black "Bareev, E."]
[Result "1/2-1/2"]
[WhiteElo "2699"]
[BlackElo "2655"]
[PlyCount "105"]
[EventDate "2008.09.03"]
[SourceDate "1999.07.01"]

1. e4 c6 2. d4 d5 3. e5 Bf5 4. Nd2 e6 5. Nb3 Nd7 6. Nf3 Bg6 7. Be2 c5 8. dxc5
Bxc5 9. Nxc5 Nxc5 10. Be3 Rc8 11. c4 dxc4 12. Qxd8+ Kxd8 13. Bxc4 Ne7 14. Rd1+
Nd7 15. Bb5 Nd5 16. Bg5+ Ke8 17. Rxd5 exd5 18. e6 fxe6 19. Ne5 Rc6 20. Nxc6
bxc6 21. Bxc6 h6 22. Bh4 Rf8 23. b3 Rf4 24. Bg3 Re4+ 25. Kd2 Rd4+ 26. Kc3 Rd3+
27. Kb4 Rd2 28. a4 Rc2 29. Bb5 Ke7 30. Ka5 Nc5 31. b4 Ne4 32. Ka6 Nxg3 33. hxg3
Rxf2 34. Kxa7 Rb2 35. Kb6 Rxb4 36. Kc5 Rb2 37. a5 Rc2+ 38. Kb6 Rb2 39. Kc5 Rc2+
40. Kb6 Kd6 41. Rb1 Rc8 42. Rb3 d4 43. a6 Be4 44. a7 Rc3 45. Rb2 Rxg3 46. Rf2
e5 47. Rf7 Rb3 48. Rxg7 d3 49. Rg8 Rb2 50. Rg4 Bd5 51. Rg8 Be4 52. Rg4 Bd5 53.
Rg8 1/2-1/2

[Event "TCh-ESP Hon Gp1"]
[Site "Cala Mayor ESP"]
[Date "2008.09.07"]
[Round "5"]
[White "Zhang Pengxiang"]
[Black "Malakhatko, V."]
[Result "1/2-1/2"]
[WhiteElo "2643"]
[BlackElo "2612"]
[PlyCount "52"]
[EventDate "2008.09.03"]
[SourceDate "1999.07.01"]

1. e4 c6 2. d4 d5 3. exd5 cxd5 4. Bd3 Nc6 5. c3 Qc7 6. Ne2 Bg4 7. h3 Bh5 8. g4
Bg6 9. Bf4 Qd7 10. Bxg6 hxg6 11. Nd2 e6 12. Qb3 Nge7 13. Nf3 Nc8 14. O-O-O Nb6
15. Kb1 Bd6 16. Qc2 O-O-O 17. Bxd6 Qxd6 18. Ng5 Qe7 19. f4 Nc4 20. Qd3 Nd6 21.
Nf3 Kb8 22. Ng3 Qc7 23. Ne5 Rh4 24. Nf3 Rhh8 25. Ne5 Rh4 26. Nf3 Rhh8 1/2-1/2

[Event "TCh-ESP Hon Gp2"]
[Site "Sabadell ESP"]
[Date "2008.09.03"]
[Round "1"]
[White "Nijboer, F."]
[Black "Postny, E."]
[Result "1/2-1/2"]
[WhiteElo "2564"]
[BlackElo "2661"]
[PlyCount "133"]
[EventDate "2008.09.03"]
[SourceDate "1999.07.01"]

1. e4 c6 2. d4 d5 3. e5 Bf5 4. Nf3 e6 5. Be2 c5 6. Be3 cxd4 7. Nxd4 Ne7 8. Bg5
Qd7 9. Bxe7 Bxe7 10. Nxf5 exf5 11. Nd2 Nc6 12. Nf3 O-O 13. O-O Rad8 14. Re1
Rfe8 15. Qd2 Bc5 16. Bb5 Qc7 17. Rad1 Qb6 18. Bxc6 bxc6 19. c3 g6 20. h4 Bf8
21. h5 c5 22. Re2 Qa6 23. b3 Qc6 24. Qf4 Bg7 25. Qh4 Rd7 26. b4 Rde7 27. bxc5
Qxc5 28. Qd4 Qxd4 29. cxd4 f6 30. Rc2 fxe5 31. dxe5 Bxe5 32. Rxd5 Bc7 33. g3
Kg7 34. hxg6 hxg6 35. a4 Rf8 36. Rdc5 Bb6 37. Rb5 Rf6 38. a5 Bd8 39. Rd5 Bc7
40. Kg2 Ra6 41. Nd4 Rxa5 42. Rxc7 Rxd5 43. Rxe7+ Kf6 44. Nc6 Rc5 45. Rc7 a5 46.
Nb4 Rxc7 47. Nd5+ Ke5 48. Nxc7 Kd6 49. Nb5+ Kc5 50. Na3 Kb4 51. Nb1 Kb3 52. Kf3
a4 53. Ke3 Kc2 54. Na3+ Kb3 55. Nb5 Kc4 56. Nd4 a3 57. Nc2 a2 58. f4 Kc3 59.
Na1 Kb2 60. Kd2 Kb1 61. Kc3 Kc1 62. Nb3+ Kb1 63. Kb4 Kb2 64. Ka4 Kc2 65. Ka3
Kb1 66. Nd2+ Kc2 67. Nb3 1/2-1/2

[Event "TCh-ESP Hon Gp2"]
[Site "Sabadell ESP"]
[Date "2008.09.07"]
[Round "5"]
[White "Gashimov, V."]
[Black "Postny, E."]
[Result "1/2-1/2"]
[WhiteElo "2717"]
[BlackElo "2661"]
[PlyCount "71"]
[EventDate "2008.09.03"]
[SourceDate "1999.07.01"]

1. e4 c6 2. d4 d5 3. Nc3 dxe4 4. Nxe4 Bf5 5. Ng3 Bg6 6. h4 h6 7. Nf3 Nd7 8. h5
Bh7 9. Bd3 Bxd3 10. Qxd3 e6 11. Bd2 Qc7 12. O-O-O Ngf6 13. Qe2 Bd6 14. Nf5 Bf4
15. Ne3 Ne4 16. Be1 O-O-O 17. g3 Bxe3+ 18. Qxe3 Ndf6 19. Qe2 Rhe8 20. Ne5 Nd6
21. f3 Nd7 22. f4 f6 23. Ng6 c5 24. dxc5 Nxc5 25. g4 Nde4 26. Rxd8+ Rxd8 27.
Rh3 Qd6 28. Re3 Qd4 29. a3 Kb8 30. Kb1 f5 31. Ka2 fxg4 32. Ne5 Nf6 33. Rc3 Nfe4
34. Re3 Nf6 35. Rc3 Nfe4 36. Re3 1/2-1/2

[Event "TCh-SRB 1st League"]
[Site "Subotica SRB"]
[Date "2008.09.03"]
[Round "3"]
[White "Predojevic, B."]
[Black "Georgiev, Ki"]
[Result "1/2-1/2"]
[WhiteElo "2634"]
[BlackElo "2671"]
[PlyCount "36"]
[EventDate "2008.09.01"]
[SourceDate "1999.07.01"]

1. e4 c6 2. d4 d5 3. Nd2 dxe4 4. Nxe4 Bf5 5. Ng3 Bg6 6. h4 h6 7. Nf3 Nd7 8. h5
Bh7 9. Bd3 Bxd3 10. Qxd3 Ngf6 11. Bd2 e6 12. O-O-O Be7 13. Qe2 c5 14. Rhe1 O-O
15. Nf5 exf5 16. Qxe7 Ne4 17. Qxd8 Rfxd8 18. Be3 Ndf6 1/2-1/2

[Event "TCh-SRB 1st League"]
[Site "Subotica SRB"]
[Date "2008.09.04"]
[Round "4"]
[White "Mastrovasilis, D."]
[Black "Svetushkin, D."]
[Result "1/2-1/2"]
[WhiteElo "2563"]
[BlackElo "2587"]
[PlyCount "92"]
[EventDate "2008.09.01"]
[SourceDate "1999.07.01"]

1. e4 c6 2. d4 d5 3. e5 Bf5 4. c4 e6 5. Nc3 Ne7 6. Nge2 dxc4 7. Ng3 b5 8. a4 b4
9. Nce4 Bxe4 10. Nxe4 Nf5 11. Be3 Qd5 12. Ng3 Nh4 13. f3 c3 14. bxc3 bxc3 15.
Qc2 Nd7 16. Rb1 Nb6 17. Kf2 Qd7 18. Ba6 Be7 19. Qxc3 Nd5 20. Qd2 O-O 21. Rb7
Qd8 22. Bc4 Nxe3 23. Qxe3 c5 24. d5 exd5 25. Rd1 d4 26. Qe4 Kh8 27. Nf5 Nxf5
28. Qxf5 Rb8 29. Rdb1 Rxb7 30. Rxb7 g6 31. Qd7 Bg5 32. Qxd8 Rxd8 33. Ke2 Re8
34. e6 Re7 35. Rxe7 Bxe7 36. exf7 Kg7 37. Kd3 Bd6 38. g3 h5 39. Ke4 h4 40. f4
hxg3 41. hxg3 d3 42. Kxd3 g5 43. fxg5 a5 44. Ke4 Bxg3 45. Kf5 Be1 46. Ke6 Kf8
1/2-1/2

[Event "TCh-SRB 1st League"]
[Site "Subotica SRB"]
[Date "2008.09.04"]
[Round "4"]
[White "Naiditsch, A."]
[Black "Berkes, F."]
[Result "1-0"]
[WhiteElo "2665"]
[BlackElo "2645"]
[PlyCount "111"]
[EventDate "2008.09.01"]
[SourceDate "1999.07.01"]

1. e4 c6 2. d4 d5 3. exd5 cxd5 4. c4 Nf6 5. Nc3 g6 6. Qb3 Bg7 7. cxd5 O-O 8.
Nge2 Nbd7 9. g3 Nb6 10. Bg2 Bf5 11. O-O Qd7 12. Rd1 Rfd8 13. Nf4 h6 14. h4 Rac8
15. a4 Nc4 16. a5 b6 17. axb6 axb6 18. Bf1 Nd6 19. Qxb6 Rc7 20. Nd3 Bxd3 21.
Bxd3 Rb7 22. Qa5 Rdb8 23. Kg2 h5 24. Qa4 Qd8 25. Qc2 Qd7 26. Qe2 Rb4 27. Bc2
Qb7 28. Qf3 Qc7 29. Ra6 Ng4 30. Rc6 Qd7 31. Ne2 Nh6 32. b3 Nhf5 33. Bb2 R4b7
34. Ra1 Rb4 35. Rd1 R4b7 36. Bc3 Ra7 37. Ra1 Rxa1 38. Bxa1 Qa7 39. Bc3 Nxd4 40.
Nxd4 Bxd4 41. Bd2 Bg7 42. Be3 Bd4 43. Bf4 Bg7 44. Bxd6 exd6 45. Rxd6 Qe7 46.
Rc6 Rd8 47. Bd3 Be5 48. Bc4 Bd6 49. b4 Ra8 50. b5 Ra1 51. Qe3 Qxe3 52. fxe3 Be5
53. b6 Rb1 54. d6 Kg7 55. d7 Rd1 56. Rc5 1-0